000 00757nam0a22002411 4500
001 rc\1053071
005 20250622093109.0
035 _a(NLR Aleph) 006214423
090 _a6402838
_c6402838
100 _a20041129d1980 |||y0rusy50 ca
101 0 _arus
102 _aRU
105 _aa |||||||||
200 1 _aМногоосные автомобили
_eТеория общих конструктивных решений
210 _aМ.
_cМашиностроение
_d1980
215 _a207 с.
_cил.
_d21
320 _aБиблиогр.: с. 205 (18 назв.)
700 1 _aАксенов
_bП.В.
_gПавел Васильевич
801 0 _aRU
_bNLR
_gpsbo
801 1 _aRU
_bELAR
_2rusmarc
852 _aNLR
_j80-5/4081
942 _cBOOK
980 _aNB